[Event "FIDE World Uni Blitz-B 1st"]
[Site "Tornelo INT"]
[Date "2021.03.13"]
[Round "2.19"]
[White "Tahay, Alexis"]
[Black "Vleming, Stefan"]
[Result "1-0"]
[WhiteElo "2366"]
[BlackElo "1836"]
[PlyCount "59"]
[EventDate "2021.03.13"]
[EventType "swiss (blitz)"]
[EventRounds "10"]
[EventCountry "NET"]
[SourceTitle "EXT 2022"]
[Source "ChessBase"]
[SourceDate "2021.10.06"]
[SourceVersion "1"]
[SourceVersionDate "2021.10.06"]
[SourceQuality "1"]

1. e4 c5 2. Nf3 Nc6 3. d4 cxd4 4. Nxd4 g6 5. c4 Bg7 6. Be3 d6 7. Be2 Nf6 8. Nc3 0-0 9. 0-0 Bd7 10. h3 a6 11. Qd2 Qc7 12. Rac1 Rad8 13. b3 Rfe8 14. Rfd1 e6 15. Bf1 Qb8 16. Nde2 Ne5 17. f4 Nc6 18. Qxd6 Qxd6 19. Rxd6 Bc8 20. Rcd1 Rxd6 21. Rxd6 Rd8 22. Rxd8+ Nxd8 23. e5 Nd7 24. g3 Nc6 25. Bg2 Bf8 26. Kf2 Nc5 27. Nd4 Nb4 28. Ke2 b6 29. a3 Nbd3 30. b4 1-0

[Event "NED-ch U20 op"]
[Site "Borne"]
[Date "2019.08.09"]
[Round "7"]
[White "Vleming, Stefan"]
[Black "Merkon, Oseb"]
[Result "0-1"]
[WhiteElo "1760"]
[BlackElo "2013"]
[PlyCount "48"]
[EventDate "2019.08.05"]
[EventType "swiss"]
[EventRounds "9"]
[EventCountry "NED"]
[SourceTitle "CBM 191 Extra"]
[Source "ChessBase"]
[SourceDate "2019.09.30"]
[SourceVersion "1"]
[SourceVersionDate "2019.09.30"]
[SourceQuality "1"]

1. d4 d5 2. c4 c6 3. Nf3 Nf6 4. e3 Bg4 5. h3 Bh5 6. g4 Bg6 7. Nh4 e6 8. Nc3 Nbd7 9. Bg2 dxc4 10. e4 Nxe4 11. Nxe4 Bxe4 12. Bxe4 Qxh4 13. Qc2 Bb4+ 14. Ke2 Nb6 15. Bf4 Qe7 16. h4 Bd6 17. Bg5 f6 18. Be3 g6 19. Rag1 0-0-0 20. f4 Nd5 21. Qxc4 Bxf4 22. Bxf4 Nxf4+ 23. Kf3 Nd5 24. Rc1 Qd6 0-1

[Event "NED-ch U20 op"]
[Site "Borne"]
[Date "2019.08.08"]
[Round "6"]
[White "Baselmans, Sam"]
[Black "Vleming, Stefan"]
[Result "1-0"]
[WhiteElo "2064"]
[BlackElo "1760"]
[PlyCount "69"]
[EventDate "2019.08.05"]
[EventType "swiss"]
[EventRounds "9"]
[EventCountry "NED"]
[SourceTitle "CBM 191 Extra"]
[Source "ChessBase"]
[SourceDate "2019.09.30"]
[SourceVersion "1"]
[SourceVersionDate "2019.09.30"]
[SourceQuality "1"]

1. e4 e5 2. Nf3 Nc6 3. Bc4 Nf6 4. d3 Bc5 5. 0-0 d6 6. c3 Be6 7. Bb3 Bb6 8. Nbd2 0-0 9. h3 d5 10. Re1 Re8 11. Ng5 Qd7 12. Qe2 Na5 13. Bc2 dxe4 14. dxe4 Rad8 15. a4 c5 16. Nxe6 Qxe6 17. Nf1 c4 18. Ng3 Nd7 19. Be3 Bxe3 20. Qxe3 b6 21. Rad1 Nc5 22. Nf5 Nab3 23. Nxg7 Kxg7 24. Rxd8 Rxd8 25. Qg5+ Qg6 26. Qxd8 Ne6 27. Qd1 h5 28. Bxb3 cxb3 29. Qf3 Kf8 30. Qf5 Qxf5 31. exf5 Nc5 32. Rxe5 Nxa4 33. f6 Nxb2 34. Rxh5 Ke8 35. Rb5 1-0

[Event "NED-ch U20 op"]
[Site "Borne"]
[Date "2019.08.07"]
[Round "5"]
[White "Klaren, Duncan"]
[Black "Vleming, Stefan"]
[Result "0-1"]
[WhiteElo "1964"]
[BlackElo "1760"]
[PlyCount "62"]
[EventDate "2019.08.05"]
[EventType "swiss"]
[EventRounds "9"]
[EventCountry "NED"]
[SourceTitle "CBM 191 Extra"]
[Source "ChessBase"]
[SourceDate "2019.09.30"]
[SourceVersion "1"]
[SourceVersionDate "2019.09.30"]
[SourceQuality "1"]

1. e4 e5 2. Nf3 Nc6 3. d4 exd4 4. Nxd4 Nf6 5. Nxc6 bxc6 6. e5 Qe7 7. Qe2 Nd5 8. c4 Nb4 9. Nc3 a5 10. g3 g6 11. Bg2 Bg7 12. a3 Na6 13. 0-0 0-0 14. f4 Bb7 15. Ne4 Nc5 16. Bd2 Nxe4 17. Qxe4 Rfe8 18. Rae1 d5 19. cxd5 cxd5 20. Qc2 c5 21. Qb3 a4 22. Qf3 Qd7 23. Bc3 Rab8 24. Qd3 d4 25. Re2 Qe6 26. Bxb7 dxc3 27. Bd5 Red8 28. Rd1 cxb2 29. Red2 Rxd5 30. Qxd5 Qxd5 31. Rxd5 b1Q 0-1

[Event "NED-ch U20 op"]
[Site "Borne"]
[Date "2019.08.06"]
[Round "3"]
[White "Ypma, Jord"]
[Black "Vleming, Stefan"]
[Result "1-0"]
[WhiteElo "1984"]
[BlackElo "1760"]
[PlyCount "48"]
[EventDate "2019.08.05"]
[EventType "swiss"]
[EventRounds "9"]
[EventCountry "NED"]
[SourceTitle "CBM 191 Extra"]
[Source "ChessBase"]
[SourceDate "2019.09.30"]
[SourceVersion "1"]
[SourceVersionDate "2019.09.30"]
[SourceQuality "1"]

1. d4 Nf6 2. Bf4 c5 3. e3 g6 4. c3 Bg7 5. Nf3 0-0 6. Nbd2 cxd4 7. exd4 d6 8. Bc4 Bf5 9. 0-0 Nbd7 10. Re1 Re8 11. Qb3 e6 12. Bxd6 Nb6 13. Be5 Rc8 14. Bb5 Re7 15. h3 h5 16. Nh2 a6 17. Bf1 g5 18. Qd1 Nbd5 19. Nhf3 g4 20. Nh4 Bh7 21. g3 b5 22. hxg4 Nxg4 23. Bxg7 Kxg7 24. Be2 Nde3 1-0

[Event "NED-ch U20 op"]
[Site "Borne"]
[Date "2019.08.05"]
[Round "1"]
[White "Vleming, Stefan"]
[Black "Van Roon, Sjoerd"]
[Result "1-0"]
[WhiteElo "1760"]
[BlackElo "2072"]
[PlyCount "47"]
[EventDate "2019.08.05"]
[EventType "swiss"]
[EventRounds "9"]
[EventCountry "NED"]
[SourceTitle "CBM 191 Extra"]
[Source "ChessBase"]
[SourceDate "2019.09.30"]
[SourceVersion "1"]
[SourceVersionDate "2019.09.30"]
[SourceQuality "1"]

1. d4 Nf6 2. c4 g6 3. Nc3 Bg7 4. e4 0-0 5. f4 d6 6. Nf3 c5 7. d5 e6 8. Bd3 exd5 9. cxd5 Re8 10. 0-0 c4 11. Bb1 b5 12. e5 Ng4 13. h3 Nh6 14. Ne4 dxe5 15. fxe5 Nf5 16. g4 Nh4 17. Bg5 Nxf3+ 18. Qxf3 Qc7 19. d6 Qb7 20. Nf6+ Bxf6 21. Qxf6 Re6 22. Qd8+ Kg7 23. Bf6+ Kh6 24. Qf8# 1-0

[Event "Leiden SB-ch 1819"]
[Site "Leiden"]
[Date "2019.03.22"]
[Round "6"]
[White "Weiland, Harro"]
[Black "Vleming, Stefan"]
[Result "0-1"]
[WhiteElo "1759"]
[BlackElo "1654"]
[PlyCount "70"]
[EventDate "2018.10.19"]
[EventType "swiss"]
[EventRounds "9"]
[EventCountry "NED"]
[SourceTitle "EXT 2023"]
[Source "ChessBase"]
[SourceDate "2022.10.05"]
[SourceVersion "1"]
[SourceVersionDate "2022.10.05"]
[SourceQuality "1"]

1. d4 Nf6 2. c4 c5 3. e3 cxd4 4. exd4 g6 5. Be2 Bg7 6. Nc3 0-0 7. Nf3 d5 8. cxd5 Nxd5 9. Qb3 Nb6 10. 0-0 Be6 11. Qa3 Nc6 12. Be3 Nd5 13. Nxd5 Bxd5 14. Rfd1 Qd7 15. Ne5 Nxe5 16. dxe5 Bxe5 17. Bc5 Qe6 18. Bf1 Bd6 19. Bxd6 exd6 20. Qd3 Bxa2 21. Qb5 b6 22. Rd4 Rfc8 23. Ra4 Bb3 24. R4a3 Bc4 25. Bxc4 Qxc4 26. Qxc4 Rxc4 27. g3 Rc7 28. Rd3 Rd8 29. Rad1 Rc6 30. b4 Rc4 31. b5 Rc5 32. Rb3 d5 33. Kg2 d4 34. Kf3 Rdd5 35. Ke4 Rxb5 0-1

[Event "Leiden SB-ch 1819"]
[Site "Leiden"]
[Date "2018.11.09"]
[Round "2"]
[White "Vleming, Stefan"]
[Black "Geertsma, Folkert Jan"]
[Result "1/2-1/2"]
[WhiteElo "1654"]
[BlackElo "1939"]
[PlyCount "45"]
[EventDate "2018.10.19"]
[EventType "swiss"]
[EventRounds "9"]
[EventCountry "NED"]
[SourceTitle "EXT 2023"]
[Source "ChessBase"]
[SourceDate "2022.10.05"]
[SourceVersion "1"]
[SourceVersionDate "2022.10.05"]
[SourceQuality "1"]

1. d4 d5 2. c4 c6 3. Nf3 Nf6 4. e3 e6 5. Nc3 Be7 6. Bd3 0-0 7. 0-0 Nbd7 8. cxd5 exd5 9. Bd2 Re8 10. Qc2 Bd6 11. Rfe1 Nf8 12. e4 dxe4 13. Nxe4 Nxe4 14. Bxe4 Be6 15. Ng5 h6 16. Bh7+ Kh8 17. Rxe6 hxg5 18. Rxe8 Qxe8 19. Bd3 Ne6 20. Be3 Bf4 21. Bxf4 Nxf4 22. Bc4 Qd7 23. Rd1 1/2-1/2

[Event "NED-ch U14"]
[Site "Rotterdam"]
[Date "2016.05.07"]
[Round "9"]
[White "Vleming, Stefan"]
[Black "Bruil, Rembrandt"]
[Result "0-1"]
[WhiteElo "1099"]
[BlackElo "1816"]
[PlyCount "68"]
[EventDate "2016.04.29"]
[EventType "swiss"]
[EventRounds "9"]
[EventCountry "NED"]
[SourceTitle "CBM 172 Extra"]
[Source "ChessBase"]
[SourceDate "2016.06.21"]
[SourceVersion "1"]
[SourceVersionDate "2016.06.21"]
[SourceQuality "1"]

1. d4 d5 2. c4 e6 3. Nc3 c5 4. dxc5 d4 5. Nb5 Bxc5 6. Nf3 Nc6 7. e3 Bb4+ 8. Bd2 dxe3 9. Bxb4 exf2+ 10. Kxf2 Nxb4 11. Qxd8+ Kxd8 12. Ne5 Ke7 13. a3 Nc6 14. Nc7 Rb8 15. Na6 Nxe5 16. Nxb8 Kd6 17. c5+ Kc7 18. Na6+ bxa6 19. Rd1 Nf6 20. Be2 Ne4+ 21. Ke3 Nxc5 22. Rc1 Kb6 23. Rc2 Bb7 24. b4 Ncd7 25. a4 Bc6 26. a5+ Kb7 27. Rhc1 Rd8 28. Bf3 Rc8 29. Bxc6+ Rxc6 30. Rxc6 Nxc6 31. Rd1 Kc7 32. Rb1 Nf6 33. h3 Nd5+ 34. Ke4 Nc3+ 0-1

[Event "NED-ch U14"]
[Site "Rotterdam"]
[Date "2016.05.06"]
[Round "8"]
[White "Vleming, Stefan"]
[Black "Hilwerda, Jonas"]
[Result "0-1"]
[WhiteElo "1099"]
[BlackElo "1992"]
[PlyCount "36"]
[EventDate "2016.04.29"]
[EventType "swiss"]
[EventRounds "9"]
[EventCountry "NED"]
[SourceTitle "CBM 172 Extra"]
[Source "ChessBase"]
[SourceDate "2016.06.21"]
[SourceVersion "1"]
[SourceVersionDate "2016.06.21"]
[SourceQuality "1"]

1. d4 d5 2. c4 c6 3. e3 e6 4. Nc3 f5 5. Nf3 Nf6 6. Bd3 Be7 7. 0-0 0-0 8. Nd2 g5 9. f3 g4 10. e4 dxe4 11. fxe4 Qxd4+ 12. Kh1 Qxd3 13. exf5 exf5 14. Ne2 Bd6 15. Qe1 Re8 16. Qh4 Rxe2 17. Qxf6 Be7 18. Qh6 Qd6 0-1

[Event "NED-ch U14"]
[Site "Rotterdam"]
[Date "2016.05.05"]
[Round "7"]
[White "Allaart, Jesse"]
[Black "Vleming, Stefan"]
[Result "0-1"]
[WhiteElo "1603"]
[BlackElo "1099"]
[PlyCount "133"]
[EventDate "2016.04.29"]
[EventType "swiss"]
[EventRounds "9"]
[EventCountry "NED"]
[SourceTitle "CBM 172 Extra"]
[Source "ChessBase"]
[SourceDate "2016.06.21"]
[SourceVersion "1"]
[SourceVersionDate "2016.06.21"]
[SourceQuality "1"]

1. e4 e6 2. d4 d5 3. exd5 exd5 4. Nf3 Nf6 5. c4 Bg4 6. Nc3 Nc6 7. cxd5 Nxd5 8. Bc4 Nxc3 9. bxc3 Bd6 10. h3 Bh5 11. Bg5 Bxf3 12. Bxf7+ Kd7 13. d5 Bxd1 14. dxc6+ Kxc6 15. Bxd8 Bc2 16. Bh4 Rhf8 17. Bh5 Be4 18. 0-0 g6 19. Bg4 h5 20. Bd1 Rf5 21. f3 Bd3 22. Ba4+ b5 23. Rfd1 Bc5+ 24. Bf2 Rd5 25. Bb3 Rd6 26. Bxc5 Kxc5 27. Re1 Bc4 28. Re5+ Rd5 29. Rxd5+ Bxd5 30. Bxd5 Kxd5 31. Rd1+ Kc4 32. Rd7 c5 33. Rd6 Rg8 34. Ra6 Rg7 35. a4 bxa4 36. Rxa4+ Kxc3 37. Kf2 Kd2 38. Rc4 Rc7 39. g4 Kd3 40. Rc1 c4 41. Ke1 hxg4 42. fxg4 Rh7 43. Rd1+ Kc2 44. Ra1 Rxh3 45. Ra2+ Kb3 46. Rxa7 Rg3 47. Rb7+ Kc3 48. Kd1 Rxg4 49. Rh7 g5 50. Rh3+ Kb4 51. Kc2 Rg2+ 52. Kc1 c3 53. Rh8 Rg4 54. Kc2 Rg2+ 55. Kc1 Rg3 56. Kc2 g4 57. Rb8+ Kc5 58. Rc8+ Kd6 59. Rg8 Ke7 60. Rg7+ Kf6 61. Rg8 Ke5 62. Rg6 Kf5 63. Rg8 Rf3 64. Rf8+ Ke4 65. Re8+ Kf4 66. Rf8+ Kg3 67. Kd1 0-1

[Event "NED-ch U14"]
[Site "Rotterdam"]
[Date "2016.05.02"]
[Round "4"]
[White "Vleming, Stefan"]
[Black "Wedda, Dries"]
[Result "1-0"]
[WhiteElo "1099"]
[BlackElo "1879"]
[PlyCount "65"]
[EventDate "2016.04.29"]
[EventType "swiss"]
[EventRounds "9"]
[EventCountry "NED"]
[SourceTitle "CBM 172 Extra"]
[Source "ChessBase"]
[SourceDate "2016.06.21"]
[SourceVersion "1"]
[SourceVersionDate "2016.06.21"]
[SourceQuality "1"]

1. d4 d5 2. c4 c6 3. Nc3 Nf6 4. Nf3 e6 5. Bg5 h6 6. Bf4 dxc4 7. e4 b5 8. a4 Bb4 9. Bd2 Bxc3 10. Bxc3 Nxe4 11. Bb4 Na6 12. Bd2 Nxd2 13. Qxd2 Nc7 14. Ne5 Bb7 15. Qf4 0-0 16. g4 Nd5 17. Qf3 Qa5+ 18. Kd1 c3 19. bxc3 Qxc3 20. Qxc3 Nxc3+ 21. Kc2 Nxa4 22. Rg1 Rfd8 23. g5 hxg5 24. Bh3 Rxd4 25. Rxg5 c5 26. Rag1 g6 27. Nxg6 Be4+ 28. Kc1 Bxg6 29. Bxe6 Rd6 30. Rxg6+ Kh7 31. Rg7+ Kh6 32. R7g4 Rd4 33. f4 1-0

[Event "NED-ch U14"]
[Site "Rotterdam"]
[Date "2016.04.30"]
[Round "2"]
[White "Vleming, Stefan"]
[Black "Van den Berg, Jeroen"]
[Result "1-0"]
[WhiteElo "1099"]
[BlackElo "1100"]
[PlyCount "145"]
[EventDate "2016.04.29"]
[EventType "swiss"]
[EventRounds "9"]
[EventCountry "NED"]
[SourceTitle "CBM 172 Extra"]
[Source "ChessBase"]
[SourceDate "2016.06.21"]
[SourceVersion "1"]
[SourceVersionDate "2016.06.21"]
[SourceQuality "1"]

1. d4 Nf6 2. c4 c6 3. Nc3 d5 4. Nf3 e6 5. Bg5 Nbd7 6. e3 Be7 7. Bd3 h6 8. Bh4 dxc4 9. Bxc4 b5 10. Bd3 a6 11. Qc2 Bb7 12. 0-0 0-0 13. Ne4 Nxe4 14. Bxe7 Qxe7 15. Bxe4 Nf6 16. Bd3 Nd5 17. Be2 Rac8 18. Rac1 Qc7 19. Ne5 Ne7 20. Bf3 f6 21. Nd3 Nf5 22. Nc5 Rfe8 23. Bg4 g6 24. Rfd1 Kh7 25. e4 Ng7 26. e5 f5 27. Bf3 Re7 28. Rd3 Qd8 29. Qb3 Qe8 30. Rdc3 Qd8 31. Nxb7 Rxb7 32. Bxc6 Rbc7 33. Qb4 a5 34. Qd6 Qg5 35. g3 b4 36. Rc5 Rxc6 37. Rxc6 Qxc1+ 38. Rxc1 Rxc1+ 39. Kg2 Rc2 40. Qb6 Rd2 41. Qxa5 Rxd4 42. a3 bxa3 43. Qxa3 g5 44. b4 Rd5 45. Qb2 Rb5 46. Qd4 Rd5 47. Qc3 g4 48. Qc7 Kg6 49. Qb8 f4 50. gxf4 Kh5 51. Qf8 Rd7 52. b5 Rb7 53. f3 Nf5 54. fxg4+ Kxg4 55. Qg8+ Kxf4 56. Qxe6 Re7 57. Qf6 Rxe5 58. b6 Rb5 59. Qc6 Rb2+ 60. Kh3 Rb3+ 61. Kg2 Rb2+ 62. Kf1 Rb1+ 63. Kf2 Rb2+ 64. Ke1 Rb1+ 65. Kd2 Nd4 66. Qc7+ Ke4 67. Qh7+ Nf5 68. b7 Kf4 69. Qc7+ Kg4 70. b8Q Rxb8 71. Qxb8 h5 72. Qb4+ Kh3 73. Qf4 1-0